<?xml version="1.0" encoding="UTF-8"?>
<record
    xmlns:xsi="http://www.w3.org/2001/XMLSchema-instance"
    xsi:schemaLocation="http://www.loc.gov/MARC21/slim http://www.loc.gov/standards/marcxml/schema/MARC21slim.xsd"
    xmlns="http://www.loc.gov/MARC21/slim">

  <leader>01129nam a2200229Ia 4500</leader>
  <datafield tag="952" ind1=" " ind2=" ">
    <subfield code="0">0</subfield>
    <subfield code="1">0</subfield>
    <subfield code="2">lcc</subfield>
    <subfield code="4">0</subfield>
    <subfield code="7">0</subfield>
    <subfield code="a">21</subfield>
    <subfield code="b">21</subfield>
    <subfield code="d">2019-04-06</subfield>
    <subfield code="l">1</subfield>
    <subfield code="o">ND1484 AS816</subfield>
    <subfield code="p">21 004130</subfield>
    <subfield code="r">2024-04-16</subfield>
    <subfield code="s">2023-01-19</subfield>
    <subfield code="t">1</subfield>
    <subfield code="w">2019-04-06</subfield>
    <subfield code="y">LB</subfield>
  </datafield>
  <datafield tag="952" ind1=" " ind2=" ">
    <subfield code="0">0</subfield>
    <subfield code="1">0</subfield>
    <subfield code="2">lcc</subfield>
    <subfield code="4">0</subfield>
    <subfield code="7">0</subfield>
    <subfield code="a">21</subfield>
    <subfield code="b">21</subfield>
    <subfield code="d">2019-04-06</subfield>
    <subfield code="l">1</subfield>
    <subfield code="o">ND1484 AS816</subfield>
    <subfield code="p">21 004131</subfield>
    <subfield code="r">2023-01-19</subfield>
    <subfield code="s">2023-01-19</subfield>
    <subfield code="t">2</subfield>
    <subfield code="w">2019-04-06</subfield>
    <subfield code="y">LB</subfield>
  </datafield>
  <datafield tag="999" ind1=" " ind2=" ">
    <subfield code="c">104042</subfield>
    <subfield code="d">104042</subfield>
  </datafield>
  <controlfield tag="005">20231102152108.0</controlfield>
  <controlfield tag="008">120720s2015    mx ao         000 0 spa d</controlfield>
  <datafield tag="020" ind1=" " ind2=" ">
    <subfield code="a">9789962043980</subfield>
  </datafield>
  <datafield tag="050" ind1="0" ind2="4">
    <subfield code="a">ND1484</subfield>
    <subfield code="b">AS816</subfield>
  </datafield>
  <datafield tag="100" ind1="1" ind2="0">
    <subfield code="a">Asensio, &#xD3;scar</subfield>
    <subfield code="e">, autor.</subfield>
  </datafield>
  <datafield tag="245" ind1="1" ind2="0">
    <subfield code="a">Color </subfield>
    <subfield code="c"> / autor editor &#xD3;scar Asensio</subfield>
  </datafield>
  <datafield tag="260" ind1=" " ind2=" ">
    <subfield code="a">[M&#xE9;xico]</subfield>
    <subfield code="b"> : Lexus</subfield>
    <subfield code="c">, 2015</subfield>
  </datafield>
  <datafield tag="300" ind1=" " ind2=" ">
    <subfield code="a">199 p&#xE1;ginas</subfield>
    <subfield code="b"> : ilustraciones, fotograf&#xED;as</subfield>
    <subfield code="c">26 cm.</subfield>
  </datafield>
  <datafield tag="500" ind1=" " ind2=" ">
    <subfield code="a">En la cubierta: Color: El gran libro de dibujo y pintura. Teor&#xED;as y conceptos del color - Ejercicios paso a paso - Mezclas de colores  -- Los colores en todas las t&#xE9;cnicas.</subfield>
  </datafield>
  <datafield tag="504" ind1=" " ind2=" ">
    <subfield code="a">Incluye: bibliograf&#xED;a (p. 160)</subfield>
  </datafield>
  <datafield tag="505" ind1=" " ind2=" ">
    <subfield code="a">El color de la naturaleza -- La naturaleza del color -- Experimentar el color -- Materiales y pigmentos -- Los materiales-- Mezclar el color</subfield>
  </datafield>
  <datafield tag="519" ind1=" " ind2=" ">
    <subfield code="a">Plan UNAM / </subfield>
    <subfield code="d">Colegio de Ciencias y Humanidades /</subfield>
    <subfield code="b">Cibern&#xE9;tica / </subfield>
    <subfield code="c">(21 004130, 21 004131)</subfield>
  </datafield>
  <datafield tag="650" ind1="1" ind2="4">
    <subfield code="a">COLOR EN EL ARTE </subfield>
    <subfield code="v">MANUALES</subfield>
  </datafield>
  <datafield tag="650" ind1="2" ind2="4">
    <subfield code="a">DIBUJO</subfield>
    <subfield code="v">MANUALES</subfield>
    <subfield code="x">T&#xC9;CNICA</subfield>
  </datafield>
  <datafield tag="942" ind1=" " ind2=" ">
    <subfield code="c">LB</subfield>
    <subfield code="2">lcc</subfield>
  </datafield>
</record>
